Solar Shading For Low Energy Use And Daylight Quality In Offices In Pune. (Record no. 360566)

MARC details
000 -LEADER
fixed length control field 00308nam a2200097Ia 4500
008 - FIXED-LENGTH DATA ELEMENTS--GENERAL INFORMATION
fixed length control field 241105s9999 xx 000 0 und d
041 ## - LANGUAGE CODE
Language code of text/sound track or separate title eng
100 ## - MAIN ENTRY--PERSONAL NAME
Personal name Karkhanis Niha
9 (RLIN) 182279
245 ## - TITLE STATEMENT
Title Solar Shading For Low Energy Use And Daylight Quality In Offices In Pune.
260 ## - PUBLICATION, DISTRIBUTION, ETC. (IMPRINT)
Name of publisher, distributor, etc. M.Arch Environmental, Pune
Date of publication, distribution, etc. 2012

No items available.